Inverse nodal problems : finding the potential from nodal lines
Αποθηκεύτηκε σε:
| Κύριος συγγραφέας: | |
|---|---|
| Άλλοι συγγραφείς: | |
| Μορφή: | Βιβλίο |
| Γλώσσα: | English |
| Δημοσίευση: |
Providence, Rhode island :
American Mathematical Society,
c1996
|
| Σειρά: | Memoirs of the American Mathematical Society ;
; 572 |
| Θέματα: | |
| Ετικέτες: |
Προσθήκη ετικέτας
Δεν υπάρχουν, Καταχωρήστε ετικέτα πρώτοι!
|
MARC
| LEADER | 00000nam a2200000 i 4500 | ||
|---|---|---|---|
| 001 | 1/91685 | ||
| 008 | 991029s1996 eng d | ||
| 020 | |a 0821804863 | ||
| 035 | |l 10053713 | ||
| 040 | |a GR-MY-UA |b gre |e aacr | ||
| 041 | 0 | |a eng | |
| 082 | 0 | |a 515.353 | |
| 100 | 1 | |a Hald, Ole H. | |
| 245 | 1 | 0 | |a Inverse nodal problems : |b finding the potential from nodal lines / |c Ole H. Hald, Joyce R. McLaughlin |
| 260 | |a Providence, Rhode island : |b American Mathematical Society, |c c1996 | ||
| 300 | |a vii, 148 p.; |b ill.; |c 26 cm. | ||
| 490 | 1 | |a Memoirs of the American Mathematical Society |v ; 572 | |
| 500 | |a Volume 119, number 572 (end of volume) | ||
| 500 | |a Includes bibliographical references | ||
| 650 | 0 | 0 | |a Inverse problems (Differential equations) |
| 650 | 0 | 0 | |a Eigenvalues. |
| 650 | 0 | 0 | |a Asymptotic distribution (Probability theory) |
| 700 | 1 | |a McLaughlin, Joyce. | |
| 830 | 0 | |a Memoirs of the American Mathematical Society ; |v ; 572 | |
| 852 | |a INST |b SAMOS |e 19991029 |h 515.353 HAL |p 005300012518 |q 005300012518 |t BK |y 0 | ||
| 901 | |a BIBL3-1999-3 | ||
| 909 | |a Σ |b 063263 | ||
| 922 | |a 3ΕΛΗ |b 199907 |c ΕΠΕΑΕΚ/ΜΑΘ |d ΠΑΠΑΣΩΤΗΡΙΟΥ | ||
| 970 | |a ΓΕΝΟΥΖΟΥ |b ΧΡΥΣΑΝΘΗ |z 1999/10/29 | ||